Normal view
MARC view
- Cirianni, Gerardo
Entry Nombre Personal
001 - NUMERO DE CONTROL
- campo de control: 40272
003 - IDENTIFICADOR DE NUMERO DE CONTROL
- campo de control: UPN
005 - FECHA Y HORA DE LA ÜLTIMA TRANSACCIÓN
- campo de control: 20210219194555.0
008 - DATOS DE LONGITUD FIJA
- campo de control de longitud fija: nabaccnnaabn|||||||||| b |nc|||||d
035 ## - NUMERO DE CONTROL
- Número de control: UPN11000012379
040 ## - FUENTE DE CATALOGACIÓN
- Lenguaje de catalogación: SPA
- Agencia de transcripción: UPN
100 1# - ENCABEZAMIENTO - NOMBRE PERSONAL
- Nombre personal: Cirianni, Gerardo
670 ## - FUENTE EN LA QUE SE LOCALIZARON DATOS
- Cita de la fuente: T
- Uniform Resource Identifier: http://www.bnm.me.gov.ar/novedades/boletin_electronicoBNM/boletin_62/docs/3_cv.pdf
680 ## - NOTA PUBLICA DE ACCESO PÚBLICO
- Frase explicativa de la referencia: Nació en Buenos Aires Argentina. Es maestro y desde hace más de veinte años trabaja en varios países de América Latina proponiendo nuevas formas de acercamiento a la cultura escrita.
902 ## - CATALOGADOR
- Catalogador: BDV/13062017
